Nghiên cứu, tính toán, thiết kế, chế tạo thiết bị đúc khuôn quay : Báo cáo đề tài khoa học cấp Trường

Na minha lista:
Detalhes bibliográficos
Autor principal:  Trịnh, Ngọc Cẩm Tiên
Formato: Livro
Idioma:Undetermined
Publicado em:  Đại học Công nghiệp TP. Hồ Chí Minh  2024
Assuntos:
Tags: Adicionar Tag
Sem tags, seja o primeiro a adicionar uma tag!
Thư viện lưu trữ: Trung tâm Thư viện - Trường Đại học Công nghiệp TP. Hồ Chí Minh
LEADER 00693nam a2200157Ia 4500
001 IUH_2025_00542
008 251224s9999 xx 000 0 und d
082 |a  658.8 
100 |a  Trịnh, Ngọc Cẩm Tiên 
245 0 |a  Nghiên cứu, tính toán, thiết kế, chế tạo thiết bị đúc khuôn quay : Báo cáo đề tài khoa học cấp Trường 
245 0 |c  Trịnh, Ngọc Cẩm Tiên 
260 |b  Đại học Công nghiệp TP. Hồ Chí Minh 
260 |c  2024 
650 |a  Đúc khuôn quay;  
927 |a Đề tài khoa học 
980 |a Trung tâm Thư viện - Trường Đại học Công nghiệp TP. Hồ Chí Minh